Los mandamientos del abogado: el arte del Derecho y otras meditaciones.

Uloženo v:
Podrobná bibliografie
Hlavní autor: Couture, Eduardo Juan
Médium: Kniha
Jazyk:španělština
Vydáno: Santiago, Chile Puntolex 2010
Edice:Obras Couture
Témata:
Tagy: Přidat tag
Žádné tagy, Buďte první, kdo vytvoří štítek k tomuto záznamu!

MARC

LEADER 00000nam a2200000 a 4500
001 UCG2991
003 CL-VaPUC
005 20210414001555.0
008 100805e20100610CL |||||||||||||||||spa|d
999 |c 342092  |d 342090 
020 |a 9789563370294 
040 |c Pontificia Universidad Católica de Valparaíso 
082 0 4 |a 347.05 COU 2010  |2 21 
100 0 |a Couture, Eduardo Juan  |9 404214 
245 1 4 |a Los mandamientos del abogado: el arte del Derecho y otras meditaciones. 
260 0 3 |a Santiago, Chile  |b Puntolex  |c 2010 
300 |a tomo 5 
490 0 |a Obras Couture 
583 |a last modification  |c 20100805 00:00:00  |k Rodrigo Vera 
650 0 |a Abogados  |9 256284 
650 0 |a Etica profesional   |9 255694 
650 7 |a PROFESION JURIDICA  |2 CL-VaPUC  |9 362831 
942 |c BK  |2 ddc 
945 |d 20100805 00:00:00  |a mfarfan 
952 |0 0  |1 0  |2 ddc  |4 0  |6 347_050000000000000_COU_2010  |7 0  |8 A  |9 438053  |a BIBDER  |b BIBDER  |d 2019-11-22  |h t.5  |i 4701984  |l 1  |o 347.05 COU 2010  |p 4701984  |r 2023-11-15  |s 2023-11-15  |t 1  |w 2019-11-22  |y BK  |k DER